| 000 | 00461nam a22001577a 4500 | ||
|---|---|---|---|
| 005 | 20251108165914.0 | ||
| 008 | 250721s1986 xx 000 0 ara d | ||
| 082 | 1 | 4 | _aط/599.82/بور |
| 100 | 1 | _aبورار، ميشيل | |
| 245 | 1 | 0 | _aحياة القرود و القردة العليا / |
| 264 | 1 |
_aالقاهره : _bالهيئه المصريه العامه، _c1986. |
|
| 300 | _a161ص | ||
| 650 | 1 | 7 | _aالقرود |
| 942 |
_2ddc _cBK |
||
| 999 |
_c34442 _d34442 |
||